000 00452nam a2200169Ia 4500
008 240729s9999 xx 000 0 und d
022 _a2714-2426
245 0 _aKanem Journal of Medical Sciences
260 _aNigeria
260 _bNtec Specialist
650 _a Dentistry
650 _a Medicine (General) | Medicine
650 _aMedicine
856 _uhttps://doaj.org/toc/1c87e7c4237c40bd80cc732c0e3977a1
942 _2ddc
942 _cDOAJEJ
999 _c74537
_d74537
945 _a1
_bMadushi Gamage
_c1
_dMadushi Gamage